000 00214nam a22000857a 4500
008 161205b xxu||||| |||| 00| 0 eng d
100 _91799
_aWells.H.G.
245 _aThe Invisible Man-XII
260 _aNew Delhi
_bAPC
_c2016
999 _c4508
_d4508